| 000 | 00494nam a22001817a 4500 | ||
|---|---|---|---|
| 003 | IBSLLIB | ||
| 005 | 20260509061040.0 | ||
| 008 | 260509b |||||||| |||| 00| 0 eng d | ||
| 020 | _a9780061829871 | ||
| 040 |
_aIBSLLIB _beng |
||
| 041 | _hEng | ||
| 082 |
_a338.4 _bHIM |
||
| 100 | _aHimelstein , Linda | ||
| 245 |
_aThe King of Vodka _bThe Story of Pyotr Smirnov and the Upheaval of an Empire |
||
| 260 |
_aNew York : _bHarperCollins , _c2009 |
||
| 300 |
_a384 p ; _b23 cm |
||
| 942 | _cLBK | ||
| 999 |
_c22092 _d22092 |
||